书目信息 |
| 题名: |
101个影响世界的管理寓言
|
|
| 作者: | 陈书凯 编著 | |
| 分册: | ||
| 出版信息: | 北京 中国民航出版社 2004.04 |
|
| 页数: | 206页 | |
| 开本: | 20cm | |
| 丛书名: | ||
| 单 册: | ||
| 中图分类: | F293 | |
| 科图分类: | ||
| 主题词: | 企业管理--通俗读物 | |
| 电子资源: | ||
| ISBN: | 7-80110-548-6 | |
| 000 | 00709nam0 2200217 450 | |
| 001 | 0120040000 | |
| 005 | 20050913104156.72 | |
| 010 | @a7-80110-548-6@dCNY19.80 | |
| 100 | @a20040425d2004 ekmy0chiy0120 ea | |
| 101 | 0 | @achi |
| 102 | @aCN@b110000 | |
| 105 | @aa z 000yy | |
| 200 | 1 | @a101个影响世界的管理寓言@A101 Ge Ying Xiang Shi Jie De Guan Li Yu Yan@f陈书凯编著@FChen Shu Kai Bian Zhu |
| 210 | @a北京@c中国民航出版社@d2004.04 | |
| 215 | @a206页@c图@d20cm | |
| 330 | @a本书是一本写给所有企业管理者,经理人以及一切追求成功的人的职业励志类图书。 | |
| 606 | 0 | @a企业管理@x通俗读物 |
| 690 | @aF293@v4 | |
| 701 | 0 | @a陈书凯@AChen Shu Kai@4编著 |
| 801 | 0 | @aCN@bQSSK@c20050913 |
| 905 | @a10447@dF293@eC563 | |
| 101个影响世界的管理寓言/陈书凯编著.-北京:中国民航出版社,2004.04 |
| 206页:图;20cm |
| ISBN 7-80110-548-6:CNY19.80 |
| 本书是一本写给所有企业管理者,经理人以及一切追求成功的人的职业励志类图书。 |
| ● |
| 相关链接 |
|
|
|
正题名:101个影响世界的管理寓言
索取号:F293/C563
 
预约/预借
| 序号 | 登录号 | 条形码 | 馆藏地/架位号 | 状态 | 备注 |
| 1 | 563204 | 205632047 | 社科二线422/422社科库 27排2列1层/ [索取号:F293/C563] | 在馆 | |
| 2 | 563205 | 205632056 | 社科库409/409社科库 105排2列4层/ [索取号:F293/C563] | 在馆 | |
| 3 | 563206 | 205632065 | 社科二线422/422社科库 27排2列3层/ [索取号:F293/C563] | 在馆 |